| 000 | 01561nam0a2200361 4500 | ||
|---|---|---|---|
| 001 | RU\NLR\bibl\404953 | ||
| 005 | 20250622165403.0 | ||
| 010 |
_a5-89016-069-9 _9100 |
||
| 021 |
_aRU _b2003-16688 _9770 |
||
| 035 | _a(NLR Aleph) 000399083 | ||
| 090 |
_a563641 _c563641 |
||
| 100 | _a20030523d2002 |||y0rusy50 ca | ||
| 101 | 0 | _arus | |
| 102 | _aRU | ||
| 105 | _ay ||||||||| | ||
| 200 | 1 |
_aDeutsch für Hochschüler _eПракт. курс нем. яз. для студентов ст. курсов, изучающих нем. яз. как основной по специальности филология (герм.) в ун-тах и др. вузах _eУчеб. пособие _fN. P. Dronova _gМ-во образования Рос. Федерации, Тамб. гос. ун-т им. Г. Р. Державина |
|
| 210 |
_aТамбов _cИзд-во Тамб. гос. ун-та _d2002 |
||
| 215 |
_a162 с. _d20 |
||
| 300 | _aНем. | ||
| 320 | _aБиблиогр.: с. 160 | ||
| 606 | 0 |
_aНемецкий язык _jУчебные издания для высших учебных заведений _91063964 _3RU\NLR\auth\66413315 |
|
| 610 | 0 | _aНемецкий язык | |
| 675 |
_a811.112.2(075.8) _v3 _zrus |
||
| 686 |
_a16.41 _2rugasnti |
||
| 686 |
_a81.2Нем-923 _2rubbk |
||
| 686 | _aШ143.24-93рус31 | ||
| 700 | 1 |
_aДронова _bН. П. _gНина Петровна _4070 |
|
| 801 | 0 |
_aRU _bRKP _c20030523 _gPSBO |
|
| 801 | 1 |
_aRU _bRKP _c20030523 |
|
| 801 | 2 |
_aRU _bNLR _c20030708 _grcr |
|
| 942 | _cBOOK | ||
| 980 | _aNB | ||